000 00262nam a22001217a 4500
008 170714b xxu||||| |||| 00| 0 eng d
041 _aeng
080 _a16
100 _a23
101 _a23
245 _aRELIGION BECOMES EVIL
_cKIMBAL.CH
942 _2udc
_cBK
999 _c20690
_d20690